| 000 | 00677nam a2200217 a 4500 | ||
|---|---|---|---|
| 001 | 000044274 | ||
| 003 | DO-SdBNP | ||
| 005 | 20150216133431.0 | ||
| 007 | 000044274 | ||
| 008 | 140612s200u dr a 000 p spa d | ||
| 010 | _a000044274 | ||
| 040 |
_aBPMET _bspa _cBPMET |
||
| 100 | 1 | _aAlix, Juan Antonio | |
| 245 | 1 | 4 |
_aLos mangos bajitos. / _cJuan Antonio Alix. |
| 260 |
_aSanto Domingo : _bMinisterio de Cultura _bNacional, _cOficina de la feria del libro _c[200u]. |
||
| 300 |
_a12 p. ; _c21 cm. |
||
| 930 | 1 |
_lBND01 _mLF1 _820140612 _f01 _pHD _g45172 _he. 2 |
|
| 942 |
_2ddc _cBK |
||
| 956 |
_aDGARCIA _b10 _c20140612 _lBND01 _h1008 |
||
| 956 |
_aYLOCKWARD _b10 _c20140617 _lBND01 _h1418 |
||
| 999 |
_c7405 _d7405 |
||